Statistics for World Capitals by Proximity - 15 Second Sprint

Click here to take the quiz!

General Stats

  • This quiz has been taken 643 times
  • The average score is 46 of 196

Answer Stats

Capital % Correct
Vaduz
93%
Bern
92%
Luxembourg
92%
Berlin
89%
Prague
88%
Amsterdam
87%
Ljubljana
87%
San Marino
86%
Brussels
85%
Copenhagen
80%
Bratislava
78%
Vienna
77%
Budapest
77%
Paris
76%
Zagreb
75%
Monaco
75%
London
74%
Vilnius
73%
Minsk
67%
Warsaw
66%
Riga
65%
Andorra la Vella
64%
Belgrade
63%
Sarajevo
62%
Podgorica
59%
Vatican City
58%
Rome
58%
Pristina
57%
Sofia
55%
Skopje
55%
Tirana
54%
Dublin
50%
Stockholm
47%
Bucharest
45%
Oslo
44%
Helsinki
43%
Algiers
43%
Tallinn
43%
Kiev
41%
Chisinau
39%
Moscow
35%
Valletta
35%
Tunis
31%
Pyongyang
28%
Seoul
28%
Beijing
28%
Belmopan
27%
Athens
27%
Managua
26%
San Jose
26%
Yaounde
25%
Abuja
25%
Accra
25%
Lome
25%
Porto-Novo
25%
Washington
25%
Madrid
25%
Ottawa
25%
Sao Tome
25%
Bissau
25%
Roseau
24%
Saint John's
24%
Lisbon
24%
Basseterre
24%
Libreville
24%
Rabat
24%
Caracas
24%
Niamey
24%
Nicosia
23%
Castries
23%
Bridgetown
23%
Saint George's
23%
Port-of-Spain
23%
Kingstown
23%
Freetown
23%
Conakry
23%
Yamoussoukro
23%
Ankara
22%
Banjul
22%
Dakar
21%
Kingston
21%
San Salvador
20%
Guatemala City
20%
Havana
20%
Tegucigalpa
20%
Nassau
20%
Santo Domingo
18%
Damascus
17%
Beirut
17%
Malabo
17%
Amman
17%
Nouakchott
17%
Jerusalem
17%
Mexico City
17%
Ouagadougou
17%
Panama City
17%
Maputo
16%
Gaborone
16%
Harare
16%
Pretoria
16%
Mbabane
16%
Praia
15%
Kinshasa
15%
Brasilia
15%
Baghdad
15%
Maseru
15%
Brazzaville
15%
Islamabad
14%
Georgetown
14%
Kuwait City
14%
Kathmandu
14%
Luanda
14%
N'Djamena
13%
Riyadh
13%
Manama
13%
Yerevan
13%
Abu Dhabi
12%
Monrovia
12%
Bogota
12%
New Delhi
12%
Doha
12%
Bamako
12%
Tokyo
12%
Port-au-Prince
11%
Cairo
10%
Bujumbura
9%
Juba
9%
Nairobi
9%
Kampala
9%
Kigali
9%
Tehran
8%
Muscat
8%
Dodoma
8%
Lima
7%
Vientiane
7%
Naypyidaw
7%
Bangkok
7%
Baku
7%
Tbilisi
7%
Quito
6%
Paramaribo
6%
Ashgabat
6%
Hanoi
6%
Addis Ababa
6%
Nuku'alofa
5%
Singapore
5%
Buenos Aires
5%
Montevideo
5%
Jakarta
5%
Canberra
5%
Asmara
5%
Reykjavik
5%
Dhaka
5%
Sana'a
4%
Apia
4%
Tashkent
4%
Khartoum
4%
Tripoli
4%
Kabul
4%
Dushanbe
4%
Dili
4%
Djibouti
4%
Suva
3%
Thimphu
3%
Male
3%
Manila
3%
Phnom Penh
3%
Sri Jayawardenepura Kotte
3%
Santiago
3%
Wellington
2%
Mogadishu
2%
Taipei
2%
Bishkek
2%
Sucre
2%
Bangui
2%
Lilongwe
2%
Windhoek
1%
Astana
1%
Yaren
1%
Asuncion
1%
Bandar Seri Begawan
1%
Honiara
1%
Lusaka
1%
Majuro
1%
Tarawa
1%
Palikir
1%
Kuala Lumpur
1%
Melekeok
1%
Port-Vila
0%
Antananarivo
0%
Port Moresby
0%
Moroni
0%
Funafuti
0%
Ulaanbaatar
0%
Victoria
0%
Port Louis
0%

Score Distribution

Percentile by Number Answered

Percent of People with Each Score

Your Score History

You have not taken this quiz